00819naa#a2200181#i#4500001001600000005001700016011001400033100004100047102000700088200015000095210010300245215001000348608004500358675011200403700005200515700005200567856001800619RU\\bibl\11653820260703040006.5##a2227-1171##a20260630b2026####ek#y0rusy0150####ca##aRU1#aКВАРТИРНОЕ ДОВОЛЬСТВИЕ ЧИНОВ ГОРОДСКОЙ ПОЛИЦИИ В КОНЦЕ XIX В.eЖурнальная статья1#aКазаньcКазанский юридический институт МВД Россииd2026##a8 с.##aЖурнальная статья2local##aОрганы охраны общественного порядка. Милиция. Полиция. 351.74#1aКузнецовgВадим Вадимович#1aИгнатьевgНикита Олегович4#avestnikkui.ru